LIBRARY & INFORMATION CENTRE, KCAET, TAVANUR

ONLINE PUBLIC ACCESS CATALOGUE (OPAC)

Kirmeera vadham / (Record no. 577)

MARC details
000 -LEADER
fixed length control field 00609cam a2200241ua 4500
041 ## - LANGUAGE CODE
Language code of text/sound track or separate title mal
082 ## - DEWEY DECIMAL CLASSIFICATION NUMBER
Classification number 894.812 1
Item number SAN/KI
100 ## - MAIN ENTRY--AUTHOR NAME
Personal name Sandheepani, .
245 00 - TITLE STATEMENT
Title Kirmeera vadham /
250 ## - EDITION STATEMENT
Edition statement 1 /
260 ## - PUBLICATION, DISTRIBUTION, ETC. (IMPRINT)
Place of publication Kozhikode :
Name of publisher Touring book stall ,
Year of publication 1972.
300 ## - PHYSICAL DESCRIPTION
Number of Pages 140 ; .
490 0# - SERIES STATEMENT
Series statement Purana kavyamala series,
Volume number/sequential designation
650 ## - SUBJECT ADDED ENTRY--TOPICAL TERM
Topical Term Attakkadha
942 ## - ADDED ENTRY ELEMENTS (KOHA)
Koha item type Books
Holdings
Withdrawn status Lost status Damaged status Home library Current library Date acquired Full call number Accession Number Koha item type
      KAUAET KAUAET 07/04/2012 894.812 1 13465 Books
Withdrawn     KAUAET KAUAET 07/04/2012 894.812 1 13459 Books
      KAUAET KAUAET 07/04/2012 894.812 1 13466 Books
free website counter